000 00872nam a2200193 i 4500
001 154655
003 ES-MaACL
005 20240209210038.0
008 040715q18881900sp |||| | spa d
040 _aCAM
_bspa
_cCAM
100 1 _aGordon, José.
_959159
245 1 0 _aPropósitos y debilidades
_b: apuntes sobre la formación en Málaga de un partido político por el Sr. Moret y sus vicisitudes hasta las elecciones de diputados provinciales verificadas el día 9 de setiembre de 1888 /
_c[José Gordon].
260 _aMálaga :
_b[s.n.,
_cs.a.] (
_fTipografía de Las Noticias)
300 _a22 p. ;
_c21 cm.
594 1 _aTexto firmado por José Gordon.
600 1 7 _aMoret, Segismundo,
_d1833-1913
_2embne
_9162747
852 _aES-MaACL
_jT-547-F-4
_z-- Enc. hol., conservando la cub. original
_z-- Enc. en un vol. facticio
999 _c154655
_d154655